000 01181nam a2200349 ia4500
003 OSt
005 20230108112413.0
008 221220t20222022si a br 000 0 eng d
020 _a9789811242724
_qpaperback
_cRM 9.15
040 _aPPAK
_beng
_cPPAK
_erda
082 0 4 _a428.6
_223
090 0 0 _a428.6
_bSEB
_dK
100 1 _aSebastian, Anita,
_eauthor.
245 1 2 _aSophie the Dragon & THE PANCAKE CONTEST /
_cWRITTEN BY ANITA SEBASTIAN ; ILLUSTRATED BY TAN SI QI.
264 1 _aSingapore :
_bWS Education, an imprint of World Scientific Publishing Co. Pte. Ltd.,
_c2022
264 4 _c©2022
300 _a16 pages :
_bcolour illustrations;
_c21 cm.
336 _atext
_2rdacontent
336 _astill image
_2rdacontent
337 _aunmediated
_2rdamedia
338 _avolume
_2rdacarrier
490 1 _aWorld of discovery ;
_vLevel A
490 1 _aSophie the Dragon Series
521 _aFor children aged 3-6
650 1 0 _aReaders (Primary)
650 0 _aReaders
_vFiction
650 0 _aChildren's stories
700 1 _aTan, Si Qi,
_eillustrator.
830 0 _aWorld of discovery ;
_vLevel A
830 0 _aSophie the Dragon Series
942 _2ddc
_cB
999 _c190682
_d190682